000 00317nam a2200121Ia 4500
008 240624s9999 xx 000 0 und d
041 _aeng
082 _a823 HOU
100 _aHOUEN ALEX
245 _aTERRORISM AND MODERN LITERATURE FROM JOS
260 _c2002
_aNew York
_bOxford University Press
300 _a320 : p.
999 _c18410
_d18410